000 00804nam a2200241Ia 4500
003 OSt
005 20220923213957.0
006 a|||||r|||| 00| 0
007 ta
008 220922b |||||||| |||| 00| 0 hin d
024 _a166,052
037 _cTextual
040 _aARTS
_cARTS
_bhin
041 _2hin
_ahin
082 _aO152,1N01:g(P:75), L2
100 _aभार्गव, ब्रज रानी
245 0 _aपंत के काव्य में कल्पना का कर्तत्व
246 _aPanta ke kāvya mean kalpanā kā kartatva
260 _c1972
650 _aहिन्दी साहित्य
_9156264
942 _hO152,1N01:g(P:75), L2
_cTEXL
_2CC
999 _c320531
_d320531